00208 a2200085 4500020001500000100002800015245001400043260004200057300002300099 a9991598448 a Binmaa Ibrahim Waheed aGan'dufen aMale MaldivesbNovelty Printersc2008 a96 pagesc; 21 cm.